000 00765nam a2200205 i 4500
001 117247
003 ES-MaACL
005 20230906190847.0
007 t|
008 070301s1962 sp ad |||| | spa d
100 1 _aPaz Maroto, José.
_989776
245 1 0 _aAbastecimientos de agua /
_cpor D. José Paz Maroto y D. José Mª Paz Casañé.
260 _aMadrid :
_bEscuela Técnica Superior de Ingenieros de Caminos, Canales y Puertos,
_c1962 (
_fTip. Artística)
300 _a1 v. :
_bil. ;
_c25 cm +
_e7 gráf. pleg.
650 4 _aAgua-
_xAbastecimiento.
_99692
700 1 _aPaz Casañé, José María.
_989767
710 2 _aEscuela Técnica Superior de Ingenieros de Caminos, Canales y Puertos.
_9218276
852 _aES-MaACL
_jP-677
999 _c117247
_d117247